Statistiques concernant Fleuves avec plusieurs capitales

Cliquez ici pour prendre le quiz!

Statistiques générales

  • Ce quiz a été pris 228 fois
    (224 depuis la dernière actualisation)
  • Le résultat moyen est 13 sur 18

Statistiques - réponses

FleuveLjubljana% Correct
BelgradeDanube
100%
BratislavaDanube
100%
BudapestDanube
100%
VienneDanube
100%
Le CaireNil
99%
KhartoumNil
99%
DjoubaNil
99%
KinshasaCongo
89%
BrazzavilleCongo
89%
BamakoNiger
74%
NiameyNiger
74%
VientianeMekong
71%
Phnom PenhMekong
71%
MontevideoRio de la Plata
38%
Buenos Aires Rio de la Plata
38%
BelgradeSave
16%
LjubljanaSave
16%
ZagrebSave
16%

Distribution des résultats

Percentile par nombre de réponses

% des personnes avec chaque résultat

Votre développement - résultats

Vous n’avez pas pris ce quiz depuis la dernière actualisation